Sports Quiz

Random Sports or War Quiz
Score 0/18 Timer 04:00
0 Plays Today
2012 % Correct
6.8Justin Verlander
97.9%
5.5Clayton Kershaw
90.6%
4.6R.A. Dickey
89.6%
5.1David Price
88.5%
4.8CC Sabathia
85.4%
4.9Cliff Lee
77.1%
4.5Cole Hamels
75%
6.1Felix Hernandez
74%
5.1Zack Greinke
69.8%
2012 % Correct
4.3James Shields
69.8%
5.4Gio Gonzalez
66.7%
4.8Johnny Cueto
59.4%
4.9Chris Sale
50%
4.4Jake Peavy
49%
4.6Max Scherzer
47.9%
5.1Yu Darvish
45.8%
4.4Adam Wainwright
42.7%
4.8Wade Miley
18.8%

You're not logged in!

Compare scores with friends on all Sporcle quizzes.
OR
Log In

Sporcle TV

Today on Sporcle TV


Watch our educational content, quiz creation guides, and fun videos on Sporcle TV.

Show Comments

Extras

Top Quizzes Today


Score Distribution

Paid Content

Your Account Isn't Verified!

In order to create a playlist on Sporcle, you need to verify the email address you used during registration. Go to your Sporcle Settings to finish the process.

Report this User

Report this user for behavior that violates our Community Guidelines.

Details: